[Event "Sonflow Cup Kolding GM/IM 2026"]
[Site "Kolding"]
[Date "2026.04.19"]
[Round "4.5"]
[White "Arndt, Magnus"]
[Black "Jalving, August"]
[Result "1/2-1/2"]
[WhiteElo "2358"]
[BlackElo "2307"]
[WhiteFideId "12998656"]
[BlackFideId "1471759"]
[EventDate "2026.04.17"]
[EventType "swiss"]
[EventRounds "5"]
[EventCountry "DEN"]
[SourceTitle "Live v. Springeren Kolding"]

1. c4 Nf6 2. Nf3 e6 3. e3 d5 4. Nc3 Be7 5. b3 O-O 6. Bb2 c5 7. cxd5 Nxd5 8. Qc2 Nc6 9. a3 b6 10. h4 f5 11. g4 Bb7 12. gxf5 Nxc3 13. Bxc3 Nd4 14. exd4 Bxf3 15. Rh3 cxd4 16. Rxf3 dxc3 17. dxc3 exf5 18. Rxf5 Bf6 19. Bc4+ Kh8 20. Kf1 Bxh4 21. Qe4 Rxf5 22. Qxf5 Qd6 23. Qe4 Qd8 24. Ra2 Rc8 25. Re2 g6 26. Re3 Qg5 27. Qd4+ Qf6 28. Rf3 Qxd4 29. cxd4 Rd8 30. d5 Kg7 31. a4 Be7 1/2-1/2

[Event "Sonflow Cup Kolding GM/IM 2026"]
[Site "Kolding"]
[Date "2026.04.19"]
[Round "4.6"]
[White "Ramsdal, Jens Albert"]
[Black "Hoi, Carsten"]
[Result "1-0"]
[WhiteElo "2333"]
[BlackElo "2285"]
[WhiteFideId "1429221"]
[BlackFideId "1400100"]
[EventDate "2026.04.17"]
[EventType "swiss"]
[EventRounds "5"]
[EventCountry "DEN"]
[SourceTitle "Live v. Springeren Kolding"]

1. e4 Nc6 2. Nf3 e5 3. Nc3 g6 4. d4 exd4 5. Nxd4 Bg7 6. Be3 d6 7. f3 Nf6 8. Qd2 Nxd4 9. Bxd4 O-O 10. O-O-O Be6 11. h4 c5 12. Be3 Qa5 13. Bh6 Bh8 14. Bxf8 Rxf8 15. a3 a6 16. Qxd6 Nd7 17. Qd2 b5 18. Nd5 Qd8 19. c3 b4 20. cxb4 cxb4 21. Qxb4 Bxd5 22. Rxd5 Qc7+ 23. Kb1 Nb6 24. Rd2 Qf4 25. Rc2 Rb8 26. Bxa6 Nd5 27. Qb6 Qd2 28. Qxb8+ 1-0

[Event "Sonflow Cup Kolding GM/IM 2026"]
[Site "Kolding"]
[Date "2026.04.19"]
[Round "5.1"]
[White "Pajeken, Jakob Leon"]
[Black "Kopylov, Daniel"]
[Result "1/2-1/2"]
[WhiteElo "2452"]
[BlackElo "2434"]
[WhiteFideId "12942839"]
[BlackFideId "12921971"]
[EventDate "2026.04.17"]
[EventType "swiss"]
[EventRounds "5"]
[EventCountry "DEN"]
[SourceTitle "Live v. Springeren Kolding"]

1. e4 e5 2. Nf3 Nf6 3. Nc3 Nc6 4. Bb5 Nd4 5. O-O Nxb5 6. Nxb5 c6 7. Nc3 d6 8. d4 Qc7 9. a4 a5 10. Re1 Be7 11. Bg5 O-O 12. h3 h6 13. Bxf6 Bxf6 14. Qd3 exd4 15. Nxd4 Qb6 16. Nce2 d5 17. exd5 Rd8 18. c3 Rxd5 19. Nf4 Rd8 20. Nh5 Bg5 21. Qe4 Qc5 22. Rad1 Bd7 23. Nb3 Qf5 24. Ng3 Qxe4 25. Nxe4 b6 26. Nxg5 hxg5 27. Re5 Be8 28. Ra1 f6 29. Re7 c5 30. Rb7 Rab8 31. Rxb8 Rxb8 32. Nd2 Bf7 33. Kf1 Bg6 34. f3 Rd8 35. Ke2 Bd3+ 36. Ke3 f5 37. g3 Ba6 38. c4 f4+ 39. Ke2 Re8+ 40. Kf2 Rd8 41. Ke2 Re8+ 42. Kf2 fxg3+ 43. Kxg3 Re2 44. Rd1 Bb7 45. b3 Kh7 46. Nf1 Bc8 47. Rd6 1/2-1/2

[Event "Sonflow Cup Kolding GM/IM 2026"]
[Site "Kolding"]
[Date "2026.04.19"]
[Round "5.2"]
[White "Matthiesen, Martin"]
[Black "Chatalbashev, Boris"]
[Result "1-0"]
[WhiteElo "2275"]
[BlackElo "2535"]
[WhiteFideId "1404067"]
[BlackFideId "2900440"]
[EventDate "2026.04.17"]
[EventType "swiss"]
[EventRounds "5"]
[EventCountry "DEN"]
[SourceTitle "Live v. Springeren Kolding"]

1. d4 Nf6 2. c4 g6 3. Nc3 Bg7 4. e4 d6 5. Nf3 O-O 6. Be2 Na6 7. O-O e5 8. Re1 Bg4 9. d5 Nc5 10. Qc2 a5 11. Bg5 h6 12. Bh4 Qc8 13. Nd2 Bxe2 14. Nxe2 Qg4 15. Bg3 Nh5 16. f3 Qg5 17. Bf2 f5 18. Kh1 b6 19. Rab1 a4 20. b4 axb3 21. axb3 Ra3 22. Ra1 Rfa8 23. Rxa3 Rxa3 24. g3 fxe4 25. Bxc5 bxc5 26. Nxe4 Qe3 27. Qc3 Rxb3 28. Qxe3 Rxe3 29. Kg2 Nf6 30. Kf2 Rb3 31. N2c3 Nd7 32. Ra1 Nb6 33. Ra7 Nxc4 34. Rxc7 g5 35. Ke2 Na3 36. h4 gxh4 37. gxh4 Rb2+ 38. Kd1 Nc4 39. h5 Ne3+ 40. Kc1 Rg2 41. Rd7 c4 42. Rxd6 Bf8 43. Rd8 Nf5 44. d6 Rg1+ 45. Kd2 Rg2+ 46. Ke1 Kg7 47. Nd5 c3 48. Ndxc3 Nd4 49. Kf1 Rc2 50. Rd7+ Kh8 51. Nf6 Rc1+ 52. Kg2 Rc2+ 53. Kh3 Bg7 54. Rd8+ Bf8 55. Nce4 Ne6 56. Re8 Nf4+ 57. Kg4 Kg7 58. d7 Rg2+ 59. Kf5 Ne2 60. Kxe5 Ba3 61. Rg8+ Kf7 62. d8=N+ Ke7 63. Nc6+ Kf7 64. Rxg2 Bb2+ 65. Kd6 1-0

[Event "Sonflow Cup Kolding GM/IM 2026"]
[Site "Kolding"]
[Date "2026.04.19"]
[Round "5.3"]
[White "Kopylov, Michael"]
[Black "Yankelevich, Lev"]
[Result "0-1"]
[WhiteElo "2343"]
[BlackElo "2451"]
[WhiteFideId "14105080"]
[BlackFideId "24684074"]
[EventDate "2026.04.17"]
[EventType "swiss"]
[EventRounds "5"]
[EventCountry "DEN"]
[SourceTitle "Live v. Springeren Kolding"]

1. Nf3 d5 2. c4 d4 3. g3 Nc6 4. Bg2 e5 5. d3 Bb4+ 6. Bd2 a5 7. Bxb4 axb4 8. O-O Nf6 9. Nbd2 O-O 10. Nb3 Qd6 11. Ne1 h5 12. Nc2 h4 13. Qd2 Ra4 14. a3 bxa3 15. Rxa3 Rxa3 16. Nxa3 Qe7 17. Na5 Nb4 18. Nc2 Nxc2 19. Qxc2 hxg3 20. hxg3 Ng4 21. Qd2 c6 22. b4 f5 23. Bf3 f4 24. c5 Qg5 25. Qa2+ Kh8 26. Kg2 Ne3+ 27. Kg1 fxg3 28. Nc4 gxf2+ 0-1

[Event "Sonflow Cup Kolding GM/IM 2026"]
[Site "Kolding"]
[Date "2026.04.19"]
[Round "5.5"]
[White "Jalving, August"]
[Black "Fries Nielsen, Jens Ove"]
[Result "1-0"]
[WhiteElo "2307"]
[BlackElo "2284"]
[WhiteFideId "1471759"]
[BlackFideId "1400142"]
[EventDate "2026.04.17"]
[EventType "swiss"]
[EventRounds "5"]
[EventCountry "DEN"]
[SourceTitle "Live v. Springeren Kolding"]

1. e4 g6 2. d4 Bg7 3. Nf3 Nc6 4. Nc3 d6 5. Be3 a6 6. Qd2 Bg4 7. d5 Na7 8. O-O-O c5 9. h3 Bxf3 10. gxf3 b5 11. a3 Rb8 12. Na2 b4 13. axb4 a5 14. c3 axb4 15. cxb4 cxb4 16. b3 Qa5 17. Kb1 Qa3 18. Bc4 Nf6 19. Nc1 Nb5 20. Bxb5+ Rxb5 21. Qa2 Qxa2+ 22. Nxa2 O-O 23. Rd4 Rfb8 24. Rc1 Nd7 25. Rdc4 Bc3 26. f4 f5 27. f3 Nf6 28. Kc2 Kf7 29. Rb1 Ra8 30. Nxc3 bxc3 31. Kxc3 Ra2 32. Bd2 Rba5 33. Kd3 R5a3 34. Bc1 Ra7 35. Bd2 R7a3 36. Bc1 Ra7 37. Bb2 Nh5 38. e5 g5 39. e6+ Kg6 40. fxg5 R7a5 41. Rd4 f4 42. b4 Ra7 43. h4 Rb7 44. Kc4 Ra8 45. Kb3 Kf5 46. Re1 h6 47. gxh6 Rh8 48. Rg1 Rxh6 49. Rg5+ Kf6 50. Rxf4# 1-0

[Event "Sonflow Cup Kolding GM/IM 2026"]
[Site "Kolding"]
[Date "2026.04.19"]
[Round "5.6"]
[White "Hoi, Carsten"]
[Black "Arndt, Magnus"]
[Result "0-1"]
[WhiteElo "2285"]
[BlackElo "2358"]
[WhiteFideId "1400100"]
[BlackFideId "12998656"]
[EventDate "2026.04.17"]
[EventType "swiss"]
[EventRounds "5"]
[EventCountry "DEN"]
[SourceTitle "Live v. Springeren Kolding"]

1. d4 Nf6 2. Nf3 e6 3. e3 d5 4. c4 b6 5. Nc3 Bb7 6. cxd5 exd5 7. Bd3 Nbd7 8. O-O Bd6 9. b3 a6 10. Bb2 O-O 11. Rc1 Re8 12. Ne2 Ne4 13. Ng3 g6 14. Qc2 Rc8 15. Rfd1 Qe7 16. Qe2 b5 17. Rc2 h5 18. a4 c6 19. Rcc1 h4 20. Nf1 f5 21. h3 Rf8 22. N1h2 Rce8 23. Rc2 g5 24. Qe1 Rf7 25. axb5 axb5 26. Ra1 Bb8 27. Qe2 Rg7 28. Kh1 g4 29. hxg4 fxg4 30. Ne5 Nxe5 31. dxe5 Bxe5 32. Nxg4 Bxb2 33. Rxb2 Qg5 34. Bxe4 dxe4 35. f3 exf3 36. gxf3 c5 37. Rg1 Rf8 38. e4 Qf4 39. Nh2 Rg3 40. Qd2 Qe5 41. Ng4 Rxg1+ 42. Kxg1 Qg3+ 43. Qg2 Rxf3 44. Ne5 Rc3 45. Qxg3+ hxg3 46. Nd7 Kf7 47. Re2 Ke7 0-1